Finančné riadenie podniku v podmienkach EÚ

Finančné riadenie modelového podniku. Finančná analýza na príklade modelového priemyselného podniku. Výpočet pomerových ukazovateľov za sledované obdobie. Finančná štruktúra modelového priemyselného podniku. Finančné plánovanie ako jeden z nástrojov finančného riadenia podniku.

Gespeichert in:
Bibliographische Detailangaben
1. Verfasser: Hečková, Jaroslava
Format: Buchkapitel
Sprache:Slowakisch
Schlagworte:
Tags: Tag hinzufügen
Keine Tags, Fügen Sie das erste Tag hinzu!

MARC

LEADER 00000nla$a2200000$$$4500
001 0055674
005 20240502071632.7
041 0 |a slo 
044 |a SK 
245 1 0 |a Finančné riadenie podniku v podmienkach EÚ  |c Jaroslava Hečková 
520 |a Finančné riadenie modelového podniku. Finančná analýza na príklade modelového priemyselného podniku. Výpočet pomerových ukazovateľov za sledované obdobie. Finančná štruktúra modelového priemyselného podniku. Finančné plánovanie ako jeden z nástrojov finančného riadenia podniku. 
610 2 0 |a riadenie finančné 
610 2 0 |a analýza finančná 
610 2 0 |a plánovanie finančné 
610 2 0 |a likvidita 
610 2 0 |a rentabilita 
610 2 0 |a hospodárenie podnikové 
610 2 0 |a aktíva 
610 2 0 |a pasíva 
100 1 |a Hečková, Jaroslava